[Event "Peer Gynt"]
[Site "Gausdal NOR"]
[Date "1991.??.??"]
[Round "5"]
[White "Kengis, Edvins"]
[Black "Khenkin, Igor"]
[Result "1/2-1/2"]
[WhiteElo "2545"]
[BlackElo "2495"]
[PlyCount "93"]
[EventDate "1991.07.??"]
[Source "www.chesslib.no"]
[SourceDate "2004.05.04"]

1. b3 d5 2. Bb2 c5 3. e3 a6 4. f4 Nc6 5. Nf3 Nh6 6. g3 d4 7. Na3 Nf5 8. e4 Nh6 9. c3 e5 10. Nxe5 Nxe5 11. fxe5 Ng4 12. cxd4 cxd4 13. Nc4 b5 14. h3 Nh6 15. Nd6+ Bxd6 16. exd6 Qxd6 17. Qf3 Bb7 18. Bg2 O-O 19. O-O Rfe8 20. e5 Bxf3 21. exd6 Bxg2 22. Kxg2 Rad8 23. Ba3 f6 24. Rae1 Rxe1 25. Rxe1 Nf5 26. g4 Nxd6 27. Re6 Nf7 28. Rxa6 Ne5 29. Bc5 Nd3 30. Bd6 Re8 31. Kf3 Ne1+ 32. Kf4 Re2 33. Kf5 Rf2+ 34. Ke6 h5 35. Ra8+ Kh7 36. Kf7 Nf3 37. Kf8 hxg4 38. hxg4 Nxd2 39. Ra7 Ne4 40. Rxg7+ Kh6 41. Rd7 d3 42. Bb4 d2 43. a4 bxa4 44. bxa4 Kg5 45. Bxd2+ Rxd2 46. Rxd2 Nxd2 47. Kg7 1/2-1/2

[Event "Munich Open 9293"]
[Site "Munich GER"]
[Date "1993.??.??"]
[Round "9"]
[White "Minasian, Artashes"]
[Black "Boensch, Uwe"]
[Result "1-0"]
[WhiteElo "2545"]
[BlackElo "2490"]
[PlyCount "113"]
[EventDate "1993.??.??"]
[Source "www.chesslib.no"]
[SourceDate "2004.05.04"]

1. b3 d5 2. Bb2 Nf6 3. e3 Bf5 4. f4 e6 5. Nf3 Be7 6. Be2 h6 7. O-O O-O 8. d3 Bh7 9. Qe1 Nfd7 10. Nc3 c5 11. e4 d4 12. Nd1 Nc6 13. Nf2 f5 14. Bc1 e5 15. exf5 exf4 16. Bxf4 Bxf5 17. Bd2 Nf6 18. Nh4 Bh7 19. Bf3 Qd7 20. Ne4 Nxe4 21. Bxe4 Rxf1+ 22. Kxf1 Bxh4 23. Bxh7+ Kxh7 24. Qxh4 Re8 25. Re1 Rxe1+ 26. Qxe1 Qf5+ 27. Kg1 Ne5 28. h3 g5 29. Qe2 Kg6 30. g4 Qe6 31. Qe4+ Kf6 32. Kf2 b6 33. a4 a5 34. Qa8 Kg6 35. Qe4+ Kg7 36. Kg2 Qf6 37. Be1 Qc6 38. Qxc6 Nxc6 39. Kf3 Kf6 40. Ke4 Ke6 41. c3 dxc3 42. Bxc3 Nb4 43. Bg7 Nd5 44. Bxh6 Nc3+ 45. Kf3 Kf6 46. Bf8 Ke6 47. Bg7 Nd5 48. Ke4 Nc7 49. d4 cxd4 50. Bxd4 Nd5 51. Be5 Ne7 52. Bc7 Nd5 53. Bd8 b5 54. axb5 Nc3+ 55. Kd3 Nxb5 56. Bxg5 Kd5 57. Be3 1-0

[Event "VIII Int Rapid"]
[Site "El Sauzal ESP"]
[Date "2007.11.04"]
[Round "6"]
[White "Drazic, S."]
[Black "Gonzalez Garcia, J2."]
[Result "1/2-1/2"]
[WhiteElo "2493"]
[BlackElo "2541"]
[PlyCount "119"]
[EventDate "2007.11.03"]
[Source "www.chesslib.no"]
[SourceDate "2004.05.04"]

1. b3 d5 2. Bb2 Bg4 3. h3 Bh5 4. Qc1 e6 5. e3 c6 6. Be2 Bg6 7. Nf3 Nd7 8. O-O Ngf6 9. c4 Bd6 10. Ba3 Qe7 11. Bxd6 Qxd6 12. Nc3 O-O 13. d4 h6 14. Qb2 Rfe8 15. Rfd1 Qe7 16. Rac1 Bh5 17. Nd2 Bxe2 18. Nxe2 e5 19. b4 a6 20. a3 exd4 21. Qxd4 Rad8 22. cxd5 Nxd5 23. Nf3 N7f6 24. Nc3 Nxc3 25. Qxc3 Ne4 26. Qc4 g6 27. a4 h5 28. a5 Qf6 29. Rd4 Rxd4 30. Qxd4 Qxd4 31. Nxd4 Kg7 32. Kf1 Rd8 33. f3 Nf6 34. Ke2 Nd5 35. Rc4 Rd7 36. h4 Nxb4 37. Rxb4 c5 38. Rc4 cxd4 39. Rxd4 Rc7 40. g4 Rc2+ 41. Kd3 Rc5 42. Ra4 hxg4 43. fxg4 Rb5 44. Ke4 Rb1 45. Kd5 Re1 46. e4 Rh1 47. e5 Rb1 48. Kd6 Rb5 49. g5 b6 50. e6 fxe6 51. Rc4 bxa5 52. Rc7+ Kf8 53. Rc8+ Kf7 54. Rc7+ Kf8 55. Rc6 a4 56. Rxa6 Rb4 57. Ra8+ Kf7 58. Ra7+ Kg8 59. Ke5 Rxh4 60. Kf6 1/2-1/2

[Event "BL2-West 0001"]
[Site "Germany"]
[Date "2000.12.10"]
[Round "3.2"]
[White "Rotstein, Arkadij"]
[Black "Degraeve, Jean Marc"]
[Result "0-1"]
[WhiteElo "2492"]
[BlackElo "2540"]
[PlyCount "124"]
[EventDate "2000.10.15"]
[Source "ChessBase"]
[SourceDate "2001.07.03"]

1. b3 d5 2. Bb2 Bg4 3. h3 Bh5 4. d3 Nc6 5. Nd2 e5 6. Ngf3 Bd6 7. e3 Qe7 8. Be2 Nf6 9. O-O O-O-O 10. Nh4 Bxe2 11. Qxe2 Qd7 12. Qf3 Rhe8 13. Nf5 Bf8 14. Ng3 Qe6 15. a3 g6 16. b4 a6 17. Rfd1 Rd7 18. Nb3 h5 19. Rac1 h4 20. Nf1 Nh7 21. c4 dxc4 22. dxc4 Ng5 23. Qg4 Qxg4 24. hxg4 Rxd1 25. Rxd1 h3 26. Ng3 hxg2 27. Kxg2 Nb8 28. c5 Nc6 29. Bc3 b5 30. cxb6 cxb6 31. Nd2 b5 32. Nde4 Nxe4 33. Nxe4 Rd8 34. Rc1 Kb7 35. g5 a5 36. bxa5 Bxa3 37. Ra1 Be7 38. Kf3 Ka6 39. Ke2 b4 40. Bb2 Nxa5 41. Bxe5 Rd7 42. Nf6 Bxf6 43. gxf6 Kb5 44. f4 Nc6 45. Bb2 Ra7 46. Rxa7 Nxa7 47. Kd3 Nc6 48. e4 Nd8 49. Kd4 Ne6+ 50. Ke5 Kc6 51. f5 gxf5 52. Kxf5 b3 53. Ba3 Nc5 54. e5 Kb5 55. Bb2 Ne6 56. Ba1 Kc4 57. Ke4 Nc5+ 58. Ke3 Kd5 59. Kd2 Na4 60. Bd4 Kxd4 61. e6 Nc5 62. exf7 Nd7 0-1

[Event "Balaton Summer op"]
[Site "?"]
[Date "2002.06.25"]
[Round "5"]
[White "Chatalbashev Boris"]
[Black "Tolnai Tibor"]
[Result "1/2-1/2"]
[WhiteElo "2537"]
[BlackElo "2494"]
[PlyCount "39"]
[EventDate "2002.??.??"]
[Source "www.chesslib.no"]
[SourceDate "2004.05.04"]

1. b3 d5 2. Bb2 Bg4 3. g3 c6 4. Bg2 Nd7 5. Nf3 e6 6. d3 Ngf6 7. Nbd2 Bd6 8. O-O O-O 9. e4 Qe7 10. a4 Rfd8 11. Qe1 dxe4 12. dxe4 Bxf3 13. Nxf3 e5 14. Nh4 g6 15. f4 Bb4 16. c3 Bc5+ 17. Kh1 a5 18. c4 Bd4 19. Bc3 Bc5 20. Bb2 1/2-1/2

[Event "Teeside"]
[Site "Teeside"]
[Date "1972.??.??"]
[Round "12"]
[White "Larsen, Bent"]
[Black "Wade, Robert Graham"]
[Result "1-0"]
[WhiteElo "2660"]
[BlackElo "2365"]
[PlyCount "65"]
[EventDate "1972.??.??"]
[Source "ChessBase"]

1. b3 d5 2. Bb2 c5 3. e3 Nf6 4. Bb5+ Bd7 5. Bxd7+ Nbxd7 6. Nf3 e6 7. c4 Be7 8. O-O O-O 9. Qe2 a6 10. Nc3 Qa5 11. cxd5 exd5 12. d4 Rac8 13. dxc5 Nxc5 14. Nd4 Ne6 15. Nf5 Ba3 16. Rac1 Rc7 17. Na4 Bxb2 18. Qxb2 b5 19. Nc5 Qb6 20. b4 Nxc5 21. Rxc5 Rxc5 22. bxc5 Qe6 23. Nd4 Qe5 24. Qa3 Ng4 25. Nf3 Qc7 26. Rc1 a5 27. Qd3 b4 28. c6 Nf6 29. Nd4 h5 30. Qf5 Qc8 31. c7 a4 32. Qxc8 Rxc8 33. Nf5 1-0

[Event "Wiesbaden"]
[Site "?"]
[Date "2000.09.02"]
[Round "9"]
[White "Gutman Lev"]
[Black "Meijers Viesturs"]
[Result "0-1"]
[WhiteElo "2533"]
[BlackElo "2478"]
[PlyCount "108"]
[EventDate "2000.??.??"]
[Source "www.chesslib.no"]
[SourceDate "2004.05.04"]

1. b3 d5 2. Bb2 e6 3. f4 Nf6 4. Nf3 g6 5. e3 Bg7 6. Be2 b6 7. O-O Bb7 8. Qe1 O-O 9. d3 c5 10. Bd1 Nc6 11. Nbd2 Nd7 12. Bxg7 Kxg7 13. d4 f5 14. Be2 Nf6 15. c3 Rc8 16. Bb5 Qe7 17. Bxc6 Bxc6 18. Qc1 Rc7 19. Qb2 Rfc8 20. Rac1 Kg8 21. Ne5 Bb7 22. Rf3 a5 23. Rg3 Nh5 24. Rf3 Nf6 25. h3 b5 26. dxc5 Qxc5 27. Kh2 Qe7 28. Rff1 b4 29. cxb4 axb4 30. Rxc7 Rxc7 31. Rc1 Rxc1 32. Qxc1 Qd6 33. Qb2 Qc5 34. Qd4 Qxd4 35. exd4 Ne4 36. Nxe4 dxe4 37. Kg1 Kg7 38. Kf2 h6 39. Ke3 g5 40. g3 Kf6 41. Nd7+ Kf7 42. Nc5 Bc8 43. Na4 Ba6 44. fxg5 hxg5 45. Nb2 Bf1 46. h4 Kf6 47. Nc4 Bd3 48. Ne5 f4+ 49. gxf4 gxh4 50. Ng4+ Kf5 51. Nh6+ Kg6 52. Ng4 Bb1 53. Kf2 Bxa2 54. Ne5+ Kf5 0-1

[Event "Voskresensk"]
[Site "Voskresensk"]
[Date "1990.??.??"]
[Round "?"]
[White "Vasiukov, Evgeni"]
[Black "Tseitlin, Mikhail S"]
[Result "1-0"]
[WhiteElo "2545"]
[BlackElo "2465"]
[PlyCount "45"]
[EventDate "1990.07.??"]
[Source "ChessBase"]

1. b3 d5 2. Bb2 Bg4 3. d3 Nc6 4. h3 Bh5 5. g4 Bg6 6. Bg2 h5 7. c4 e6 8. cxd5 exd5 9. Nc3 d4 10. Nb5 hxg4 11. Qc1 Nge7 12. Qf4 Rc8 13. hxg4 Rxh1 14. Bxh1 f6 15. Kf1 Qd7 16. Nxd4 Ne5 17. Bxb7 Rb8 18. Be4 Nxg4 19. Rc1 Ne5 20. Ndf3 Nxf3 21. Bxf3 Kd8 22. Be5 Ke8 23. Rxc7 1-0

[Event "TCh-FRA Top 16 Gp B"]
[Site "Gonfreville FRA"]
[Date "2008.03.24"]
[Round "3"]
[White "Vaisser, A."]
[Black "Magem Badals, J."]
[Result "1/2-1/2"]
[WhiteElo "2539"]
[BlackElo "2470"]
[PlyCount "41"]
[EventDate "2008.03.22"]
[Source "www.chesslib.no"]
[SourceDate "2004.05.04"]

1. b3 d5 2. Bb2 Nf6 3. e3 Bg4 4. Be2 Bxe2 5. Qxe2 c6 6. f4 g6 7. Nf3 Bg7 8. O-O O-O 9. d3 Nbd7 10. Nbd2 Ne8 11. Bxg7 Nxg7 12. c4 e6 13. e4 a5 14. Qf2 b5 15. exd5 exd5 16. cxb5 cxb5 17. Ne5 Nxe5 18. fxe5 Ne6 19. Rac1 Rc8 20. Nf3 Qd7 21. Qd2 1/2-1/2

[Event "Schwarzach Open A, Salzburg AUT"]
[Site "?"]
[Date "2001.??.??"]
[Round "9"]
[White "Hertneck, G."]
[Black "Medvegy, Z."]
[Result "1-0"]
[WhiteElo "2570"]
[BlackElo "2430"]
[PlyCount "57"]
[EventDate "2001.??.??"]
[Source "www.chesslib.no"]
[SourceDate "2004.05.04"]

1. b3 d5 2. Bb2 Nf6 3. e3 Bg4 4. f3 Bh5 5. g4 Bg6 6. h4 h5 7. g5 Nfd7 8. Nc3 c6 9. Bh3 e6 10. Nce2 Qc7 11. Nf4 e5 12. Nxg6 fxg6 13. Qe2 Bd6 14. f4 Kf7 15. O-O-O e4 16. d3 Re8 17. f5 Be5 18. fxg6+ Kxg6 19. Rf1 Bxb2+ 20. Kxb2 Rf8 21. Rxf8 Nxf8 22. Qf1 Qf7 23. Ne2 Na6 24. dxe4 dxe4 25. Ng3 Qf3 26. Bf5+ Kf7 27. Bxe4 Qxf1 28. Rxf1+ Ke7 29. Nf5+ 1-0

[Event "Bundesliga 9900"]
[Site "Germany"]
[Date "2000.03.13"]
[Round "13.4"]
[White "Teske, Henrik"]
[Black "David, Alberto"]
[Result "1/2-1/2"]
[WhiteElo "2479"]
[BlackElo "2520"]
[PlyCount "23"]
[EventDate "1999.10.??"]
[Source "ChessBase"]
[SourceDate "2000.05.31"]

1. b3 d5 2. Bb2 Bg4 3. f3 Bf5 4. e3 Nd7 5. c4 e6 6. Nc3 c6 7. d4 Ngf6 8. Bd3 Bxd3 9. Qxd3 Qa5 10. cxd5 cxd5 11. Nge2 a6 12. Rc1 1/2-1/2

[Event "SWE-chT 9900"]
[Site "?"]
[Date "2000.??.??"]
[Round "9"]
[White "Bellon Lopez Juan Manuel"]
[Black "Akesson Ralf"]
[Result "1/2-1/2"]
[WhiteElo "2463"]
[BlackElo "2535"]
[PlyCount "141"]
[EventDate "2000.??.??"]
[Source "www.chesslib.no"]
[SourceDate "2004.05.04"]

1. b3 d5 2. Bb2 Nf6 3. Nf3 e6 4. e3 Be7 5. d3 O-O 6. Nbd2 c5 7. Ne5 Ne8 8. f4 f6 9. Nef3 Nc6 10. g3 e5 11. Bg2 d4 12. fxe5 fxe5 13. O-O Nd6 14. Nc4 Bg4 15. h3 Nxc4 16. bxc4 Be6 17. Qe2 Qd7 18. Kh2 e4 19. dxe4 Na5 20. exd4 Bxc4 21. Ne5 Rxf1 22. Qxf1 Bxf1 23. Nxd7 Bxg2 24. Kxg2 cxd4 25. Bxd4 Rd8 26. Bc3 Nc4 27. Ne5 Nd6 28. Rd1 Rc8 29. Bb4 Rxc2+ 30. Kf3 Nf7 31. Nxf7 Bxb4 32. Rd7 Rxa2 33. Ng5 Ra6 34. e5 h6 35. Rd8+ Bf8 36. e6 Ra3+ 37. Ke4 Ra4+ 38. Ke3 Ra3+ 39. Ke2 Ra2+ 40. Kf1 Ra1+ 41. Ke2 Ra2+ 42. Kf3 Ra3+ 43. Kg4 Re3 44. Kf4 Re1 45. Ne4 Kh7 46. Rd7 Rb1 47. e7 Bxe7 48. Rxe7 a5 49. Nf6+ Kg6 50. Ne8 Rf1+ 51. Kg4 Rf7 52. Rxf7 Kxf7 53. Nd6+ Ke7 54. Nxb7 a4 55. Kf5 a3 56. Na5 a2 57. Nb3 Kd6 58. h4 Kd5 59. h5 Kc4 60. Na1 Kd3 61. g4 Kc3 62. Ke4 Kd2 63. Kf3 Kd3 64. Kf4 Kd4 65. Kf5 Kc3 66. Ke4 Kd2 67. Kf4 Kd3 68. Kf3 Kd4 69. Kf4 Kd3 70. Kf3 Kd2 71. Kf4 1/2-1/2

[Event "Banja Luka"]
[Site "Banja Luka BIH"]
[Date "1979.04.17"]
[Round "7"]
[White "Knezevic, Milorad"]
[Black "Bukic, Enver"]
[Result "1/2-1/2"]
[WhiteElo "2500"]
[BlackElo "2495"]
[PlyCount "29"]
[EventDate "1979.04.??"]
[Source "www.chesslib.no"]
[SourceDate "2004.05.04"]

1. b3 d5 2. Bb2 Bg4 3. Nf3 Nd7 4. d4 e6 5. e3 f5 6. Be2 Bxf3 7. Bxf3 Ngf6 8. c4 c6 9. O-O Bd6 10. Ba3 Bxa3 11. Nxa3 O-O 12. b4 a6 13. Rc1 Qe7 14. Qb3 Kh8 15. Nb1 1/2-1/2

[Event "Wuerzburg op 14th"]
[Site "?"]
[Date "1998.??.??"]
[Round "5"]
[White "Hertneck Gerald"]
[Black "Gruenberg Hans Ulrich"]
[Result "1/2-1/2"]
[WhiteElo "2550"]
[BlackElo "2445"]
[PlyCount "26"]
[EventDate "1998.??.??"]
[Source "www.chesslib.no"]
[SourceDate "2004.05.04"]

1. b3 d5 2. Bb2 Nf6 3. e3 Bg4 4. Be2 Bxe2 5. Qxe2 Nbd7 6. Nf3 e6 7. O-O Be7 8. c4 O-O 9. Nc3 c6 10. d4 Re8 11. e4 Nxe4 12. Nxe4 dxe4 13. Qxe4 Bf6 1/2-1/2

[Event "Forli Open"]
[Site "Forli"]
[Date "1992.??.??"]
[Round "9"]
[White "Conquest, Stuart"]
[Black "Farago, Ivan"]
[Result "1-0"]
[WhiteElo "2485"]
[BlackElo "2510"]
[PlyCount "75"]
[EventDate "1992.09.??"]
[Source "www.chesslib.no"]
[SourceDate "2004.05.04"]

1. b3 d5 2. Bb2 c6 3. e3 Nf6 4. Be2 g6 5. d3 Bg7 6. Nd2 O-O 7. Ngf3 c5 8. c4 d4 9. exd4 Nh5 10. b4 Nf4 11. O-O cxb4 12. Rb1 a5 13. Re1 Bf5 14. Ne4 Bg4 15. Bf1 Ne6 16. d5 Bxb2 17. dxe6 f5 18. Rxb2 fxe4 19. Rxe4 Bxf3 20. gxf3 Na6 21. d4 Qd6 22. Qb3 b6 23. Qe3 Rf6 24. Rc2 Nc7 25. c5 bxc5 26. dxc5 Qc6 27. f4 Rd8 28. Re5 Nxe6 29. Rc1 Nxf4 30. Rxe7 Rdf8 31. Qe4 Qc8 32. c6 Qg4+ 33. Kh1 Qg5 34. c7 Nd3 35. Qc4+ Kh8 36. Bxd3 Rxf2 37. Qd4+ R2f6 38. c8=Q 1-0

[Event "Maribor"]
[Site "Maribor"]
[Date "1980.10.??"]
[Round "5"]
[White "Nikolac, Juraj"]
[Black "Kovacevic, Vlatko"]
[Result "0-1"]
[WhiteElo "2480"]
[BlackElo "2510"]
[PlyCount "121"]
[EventDate "1980.??.??"]
[Source "www.chesslib.no"]
[SourceDate "2004.05.04"]

1. b3 d5 2. Bb2 Bg4 3. h3 Bh5 4. d3 e6 5. Nd2 Nf6 6. Ngf3 Nbd7 7. e3 a5 8. a3 c6 9. g4 Bg6 10. Nh4 Qb6 11. Bg2 a4 12. b4 c5 13. Nxg6 hxg6 14. c3 Ne5 15. Qe2 g5 16. c4 Ng6 17. d4 cxb4 18. c5 Qa5 19. axb4 Qxb4 20. Rb1 Ra7 21. O-O Be7 22. Ba3 Qxa3 23. Qb5+ Nd7 24. Rfc1 Nf4 25. exf4 Rxh3 26. Bxh3 Qxh3 27. Qe2 gxf4 28. c6 bxc6 29. Rxc6 Bd8 30. Rbc1 Nf6 31. f3 Qg3+ 32. Kf1 Nd7 33. Rc8 Ke7 34. Qd3 Ba5 35. R8c2 Bb4 36. Ke2 Ra8 37. Nf1 Qg2+ 38. Kd1 Qg1 39. Rb1 Bd6 40. Rb7 a3 41. Ra2 Ra4 42. Qb5 Rxd4+ 43. Rd2 Rxd2+ 44. Kxd2 Qd4+ 45. Ke2 Qb2+ 46. Qxb2 axb2 47. Rxb2 e5 48. Nd2 Ke6 49. Ra2 Nc5 50. Ra8 f5 51. Re8+ Kf7 52. Rd8 Ke7 53. Rg8 Ne6 54. gxf5 Nd4+ 55. Kd3 Nxf5 56. Nb1 Bb4 57. Rb8 Be1 58. Rb7+ Ke6 59. Rb6+ Kd7 60. Rg6 Ke7 61. Rg1 0-1

[Event "1st Asean GM"]
[Site "Bangkok"]
[Date "2004.06.05"]
[Round "3"]
[White "Aung Aung"]
[Black "Aung Thant Zin"]
[Result "1/2-1/2"]
[WhiteElo "2524"]
[BlackElo "2466"]
[PlyCount "75"]
[EventDate "2004.06.04"]
[Source "Roberto Alvarez"]
[SourceDate "2004.06.07"]

1. b3 d5 2. Bb2 c5 3. e3 Nf6 4. f4 e6 5. Nf3 Be7 6. Be2 Nc6 7. O-O O-O 8. Bb5 Bd7 9. Bxc6 Bxc6 10. Ne5 Qc7 11. Nc3 Rfd8 12. Nxc6 Qxc6 13. Ne2 Ne4 14. f5 Bf6 15. Bxf6 Nxf6 16. fxe6 Qxe6 17. Rf3 Rd7 18. Qe1 Re8 19. Qh4 Qe4 20. Qg3 Qe5 21. Qxe5 Rxe5 22. Ng3 Ne4 23. d3 Nc3 24. a4 g6 25. Kf2 f5 26. h4 d4 27. h5 Nd5 28. exd4 cxd4 29. hxg6 hxg6 30. Ne2 Nb4 31. Rh1 Nxc2 32. Rfh3 Rde7 33. Nf4 Nb4 34. Rh8+ Kf7 35. R1h7+ Kf6 36. Rh6 Kg7 37. R6h7+ Kf6 38. Rh6 1/2-1/2

[Event "Oslo Open"]
[Site "Oslo NOR"]
[Date "1994.??.??"]
[Round "5"]
[White "Karlsson, Lars C-G"]
[Black "Tisdall, Jonathan D"]
[Result "1-0"]
[WhiteElo "2520"]
[BlackElo "2465"]
[PlyCount "81"]
[EventDate "1994.03.??"]
[Source "www.chesslib.no"]
[SourceDate "2004.05.04"]

1. b3 d5 2. Bb2 Bg4 3. g3 c6 4. Bg2 Nd7 5. Nf3 Ngf6 6. O-O Bxf3 7. exf3 e6 8. f4 Bd6 9. d4 Qc7 10. c4 dxc4 11. bxc4 O-O 12. Nc3 Rfe8 13. Rb1 Rab8 14. Qa4 Nb6 15. Qb3 Bf8 16. Ba1 g6 17. Rfc1 Bg7 18. Nd1 Qe7 19. Ne3 Rec8 20. Re1 Qd7 21. Rbd1 Re8 22. a4 c5 23. dxc5 Qxa4 24. Qxa4 Nxa4 25. c6 bxc6 26. Bxc6 Nc5 27. Bxe8 Rxe8 28. Bd4 Nfd7 29. Bxg7 Kxg7 30. Ra1 a6 31. Reb1 Rc8 32. Ng4 f6 33. Ne3 Rc6 34. Nc2 Kf7 35. Nd4 Rd6 36. Nb3 Ke7 37. Nxc5 Nxc5 38. Rb8 Rc6 39. Rh8 Nb3 40. Rd1 Rxc4 41. Rxh7+ 1-0

[Event "Bor"]
[Site "Bor"]
[Date "1985.??.??"]
[Round "2"]
[White "Psakhis, Lev B"]
[Black "Barlov, Dragan"]
[Result "0-1"]
[WhiteElo "2555"]
[BlackElo "2430"]
[PlyCount "74"]
[EventDate "1985.??.??"]
[Source "www.chesslib.no"]
[SourceDate "2004.05.04"]

1. b3 d5 2. Bb2 Bg4 3. g3 c6 4. Bg2 Nf6 5. Nf3 Nbd7 6. O-O Qc7 7. d4 e6 8. c4 Be7 9. Nc3 O-O 10. h3 Bh5 11. g4 Bg6 12. Nh4 Nxg4 13. hxg4 Bxh4 14. f4 f5 15. g5 h6 16. gxh6 gxh6 17. Qd3 Bf6 18. e3 Bg7 19. Bf3 Nf6 20. Rac1 Qf7 21. Rc2 Kh7 22. Ba3 Rg8 23. Rg2 Bf8 24. Bxf8 Raxf8 25. Qd1 Bh5 26. Bxh5 Rxg2+ 27. Kxg2 Nxh5 28. Kf2 Nf6 29. Rg1 Rg8 30. Rxg8 Qxg8 31. c5 Qg6 32. Qf3 Ng4+ 33. Ke2 Qh5 34. Qg2 Nf6+ 35. Kf2 Qh4+ 36. Kf1 h5 37. Ne2 Ng4 0-1

[Event "POL Ch 52nd"]
[Site "Warsaw POL"]
[Date "1995.??.??"]
[Round "12"]
[White "Markowski, Tomasz"]
[Black "Kuczynski, Robert"]
[Result "1-0"]
[WhiteElo "2470"]
[BlackElo "2510"]
[PlyCount "103"]
[EventDate "1995.02.11"]
[Source "www.chesslib.no"]
[SourceDate "2004.05.04"]

1. b3 d5 2. e3 Nf6 3. Bb2 Bf5 4. Nf3 e6 5. Be2 h6 6. O-O Nbd7 7. d3 Be7 8. Nbd2 O-O 9. c4 c6 10. a3 a5 11. Qc2 Bh7 12. Bc3 Ne8 13. b4 Bf6 14. Rfc1 Nd6 15. Bxf6 Qxf6 16. cxd5 exd5 17. Nb3 axb4 18. axb4 Nb5 19. Nfd4 Nxd4 20. Nxd4 Qd6 21. Qc3 Bg6 22. Nb3 Bf5 23. Qd4 Qe5 24. Qxe5 Nxe5 25. d4 Bd3 26. dxe5 Bxe2 27. Nc5 Rxa1 28. Rxa1 Ba6 29. Nxa6 Ra8 30. Kf1 bxa6 31. Ke2 Kf8 32. Kd3 Ke7 33. g4 Kd7 34. Kd4 Rb8 35. Ra4 Kc7 36. f4 Kb6 37. f5 Re8 38. Ra5 f6 39. e6 g5 40. e4 dxe4 41. Kxe4 Rb8 42. Kd4 h5 43. h3 hxg4 44. hxg4 Rd8+ 45. Kc3 Rh8 46. Ra1 Rh3+ 47. Kc4 Re3 48. Rd1 Re4+ 49. Rd4 Re1 50. Kd3 Kc7 51. Rd7+ Kb6 52. Rf7 1-0

[Event "06.OIBayEM Bad Wiessee op"]
[Site "?"]
[Date "2002.11.01"]
[Round "7"]
[White "Gawehns Klaus"]
[Black "Khenkin Igor"]
[Result "0-1"]
[WhiteElo "2376"]
[BlackElo "2603"]
[PlyCount "128"]
[EventDate "2002.??.??"]
[Source "www.chesslib.no"]
[SourceDate "2004.05.04"]

1. b3 d5 2. Bb2 Bg4 3. h3 Bh5 4. c4 d4 5. g4 Bg6 6. Bg2 Nc6 7. b4 e5 8. b5 Na5 9. Qa4 b6 10. d3 Nf6 11. Nd2 Nd7 12. Nb3 Nc5 13. Nxc5 Bxc5 14. Nf3 Qe7 15. Nh4 Rd8 16. Nxg6 hxg6 17. O-O-O Rd6 18. Kb1 Qh4 19. Rdf1 Rf6 20. Bd5 Rxf2 21. Qd1 f6 22. Rxf2 Qxf2 23. Rf1 Qh4 24. Bc1 Bb4 25. e3 Bc3 26. exd4 Bxd4 27. Be4 Kf7 28. Bd5+ Ke8 29. Be4 Kf7 30. Bd5+ Ke7 31. Rf3 Rd8 32. Ba3+ Kd7 33. Bb4 Kc8 34. Be1 Qh8 35. Bxa5 bxa5 36. Be4 Qf8 37. Qa4 Bb6 38. a3 Qc5 39. Kb2 Qg1 40. Qc2 Bd4+ 41. Kb3 Bc5 42. Ka4 Qa1 43. Qb3 Rd6 44. Rg3 Qf1 45. h4 Qf4 46. Rg2 f5 47. gxf5 gxf5 48. Bc6 Qh6 49. Rg5 g6 50. Qc3 Qxh4 51. Rxg6 Rxg6 52. Qxe5 Rxc6 53. bxc6 Qd4 54. Qe8+ Qd8 55. Qe6+ Kb8 56. Qxf5 Qf8 57. Qe5 a6 58. Kxa5 Bb6+ 59. Ka4 Qd6 60. Qe4 Bc5 61. Kb3 Bxa3 62. Kc2 Qb4 63. Qd4 Qa4+ 64. Kd2 Qxc6 0-1

[Event "Doeberl Cup"]
[Site "Canberra AUS"]
[Date "2008.03.20"]
[Round "2"]
[White "Ambrus, E."]
[Black "Malakhatko, V."]
[Result "0-1"]
[WhiteElo "2378"]
[BlackElo "2600"]
[PlyCount "76"]
[EventDate "2008.03.20"]
[Source "www.chesslib.no"]
[SourceDate "2004.05.04"]

1. b3 d5 2. Bb2 Bg4 3. g3 e6 4. Bg2 Nf6 5. Nf3 Nbd7 6. O-O Be7 7. c4 O-O 8. d3 a5 9. Nbd2 c6 10. Rc1 Re8 11. Qc2 Bh5 12. e4 dxe4 13. Nxe4 Qc7 14. Rfe1 Nxe4 15. Rxe4 Bf6 16. Rce1 Red8 17. R4e3 Bg6 18. Nh4 Qb6 19. Nxg6 hxg6 20. Bxf6 Nxf6 21. Qc3 Qb4 22. Rc1 Qxc3 23. Rxc3 g5 24. h3 Kf8 25. Re5 Nh7 26. f4 gxf4 27. gxf4 Ke7 28. Kf2 f5 29. Rc2 Nf8 30. Rce2 Kf7 31. R5e3 Rd4 32. Rf3 Rad8 33. Ree3 Ng6 34. Kg3 Kf6 35. Bf1 e5 36. fxe5+ Nxe5 37. Rxe5 Kxe5 38. Kf2 Rf4 0-1

[Event "Budapest HUN"]
[Site "?"]
[Date "2005.10.09"]
[Round "9"]
[White "Kallio Heikki"]
[Black "Berczes David"]
[Result "1/2-1/2"]
[WhiteElo "2501"]
[BlackElo "2475"]
[PlyCount "212"]
[EventDate "2005.??.??"]
[Source "www.chesslib.no"]
[SourceDate "2004.05.04"]

1. b3 d5 2. Bb2 c5 3. e3 a6 4. f4 Nc6 5. Nf3 Nf6 6. Ne5 Qc7 7. Be2 e6 8. Nxc6 Qxc6 9. Bxf6 gxf6 10. Bf3 Qc7 11. Nc3 f5 12. Ne2 Bg7 13. c3 Bd7 14. d4 Rc8 15. Qd2 cxd4 16. cxd4 Qb6 17. Kf2 Bf8 18. Rhc1 Rxc1 19. Rxc1 Bb4 20. Qb2 Qd6 21. Rc2 Ke7 22. Nc1 Ba3 23. Qb1 Rc8 24. Rxc8 Bxc8 25. Qc2 Bd7 26. Be2 Qc6 27. Qxc6 Bxc6 28. Nd3 Bb5 29. Ne1 Be8 30. Bd3 h6 31. Nc2 Bb2 32. Kg3 Kf6 33. Kf3 Bd7 34. Ke2 Ke7 35. Kd2 Be8 36. Be2 Bd7 37. Ne1 Ba3 38. Nf3 Be8 39. Kc2 Bd7 40. Nd2 Bb4 41. Nf3 Ba3 42. Bd3 Be8 43. Nd2 Bb4 44. Nb1 Kd8 45. a3 Be7 46. b4 Bd6 47. Kb3 Bd7 48. Nc3 Be7 49. Be2 Bf6 50. Bd1 Bh4 51. g3 Bf6 52. Kb2 Ke7 53. Ba4 Bc8 54. Nd1 Kd6 55. Nf2 Ke7 56. Kc3 Kd6 57. Nd3 Ke7 58. Nc5 Kd6 59. Bd1 Ke7 60. Be2 Kd6 61. a4 Ke7 62. a5 Kd6 63. Bh5 Ke7 64. Bd1 Kd6 65. Ba4 Bd8 66. Bc2 Be7 67. Bd3 Bd8 68. Kb3 Ke7 69. Be2 Kd6 70. Ka3 Bf6 71. Ka4 Bd8 72. Bd1 Bd7+ 73. Ka3 Bc8 74. Be2 Ke7 75. Kb2 Kd6 76. Kc2 Ke7 77. Kd2 Kd6 78. Ke1 Bf6 79. Bh5 Ke7 80. Kd2 Ke8 81. Nd3 Ke7 82. Ne5 Bd7 83. Nxd7 Kxd7 84. Bxf7 Be7 85. Kc3 Bd8 86. Kb3 Ke7 87. Bh5 Bc7 88. Ka4 Bd6 89. h3 Kd7 90. Be2 Be7 91. Bd3 Bd8 92. b5 axb5+ 93. Kxb5 Be7 94. g4 fxg4 95. hxg4 Bh4 96. e4 dxe4 97. Bxe4 Kc7 98. f5 exf5 99. gxf5 Bf6 100. Kc5 h5 101. Kd5 h4 102. Bg2 Kd7 103. Kc4 Bd8 104. f6 Bxa5 105. Bxb7 Ke6 106. f7 Kxf7 1/2-1/2

[Event "III Open"]
[Site "Palma di Maiorca SPA"]
[Date "2008.12.09"]
[Round "4"]
[White "Narciso Dublan, M."]
[Black "Andres Gonzalez, A."]
[Result "1/2-1/2"]
[WhiteElo "2511"]
[BlackElo "2465"]
[PlyCount "34"]
[EventDate "2008.12.06"]
[Source "www.chesslib.no"]
[SourceDate "2004.05.04"]

1. b3 d5 2. Bb2 Bg4 3. f3 Bf5 4. g3 Nc6 5. Bg2 e5 6. e4 Be6 7. exd5 Qxd5 8. Nc3 Qd7 9. d3 O-O-O 10. Qd2 f5 11. O-O-O Nf6 12. f4 Bc5 13. fxe5 Nxe5 14. Re1 Nc6 15. Nf3 Rhe8 16. Re2 Bf7 17. Rhe1 Bh5 1/2-1/2

[Event "XLIII WJun"]
[Site "Kochin"]
[Date "2004.11.26"]
[Round "10"]
[White "Berkes, Ferenc"]
[Black "Tallaksen, Geir Sune"]
[Result "1-0"]
[WhiteElo "2630"]
[BlackElo "2343"]
[PlyCount "57"]
[EventDate "2004.11.20"]
[Source "Roberto Alvarez"]
[SourceDate "2004.11.29"]

1. b3 d5 2. Bb2 c5 3. e3 a6 4. Nf3 Nc6 5. d4 cxd4 6. Nxd4 Qc7 7. c4 dxc4 8. Bxc4 Nf6 9. O-O g6 10. Nxc6 Qxc6 11. Nd2 Bg7 12. Rc1 Be6 13. Be2 Qd7 14. Ne4 Qxd1 15. Rfxd1 O-O 16. Nc5 Bc8 17. Bf3 Ra7 18. Bd4 b6 19. Na4 Nd7 20. Nxb6 Nxb6 21. Bxb6 Rd7 22. Rxd7 Bxd7 23. Rc7 Rb8 24. Bc5 Be6 25. Bxe7 a5 26. Ra7 Rc8 27. Ra8 Rxa8 28. Bxa8 f5 29. Bc6 1-0